| 000 | 02023cam a22004454i 4500 | ||
|---|---|---|---|
| 003 | PE-LiUPU | ||
| 005 | 20250731165523.0 | ||
| 008 | 150623s2001 miu r 000 0 eng d | ||
| 035 | _a(Sirsi) a28202 | ||
| 040 |
_aPE-LiUPU _bspa _cPE-LiUPU _erda |
||
| 082 | 0 | 4 |
_a001.43 _bV99R _221 |
| 100 | 1 |
_aVyhmeister, Nancy Jean, _eautor. |
|
| 245 | 1 | 0 |
_aQuality research papers : _bfor students of religion and theology / _cNancy Jean Vyhmeister. |
| 264 | 1 |
_aGrand Rapids, Michigan : _bZondervan, _c2001. |
|
| 300 |
_a228 páginas ; _c23 centímetros |
||
| 336 |
_atext _2rdacontent |
||
| 337 |
_aunmediated _2rdamedia |
||
| 338 |
_avolume _2rdacarrier |
||
| 505 | 0 | _aWhat is reasearch?. Finding sources. Choosing a topic -- Planning research -- Preparing bibliographie -- Reserch thinging -- Reading and taking notes -- Footnotes: why, when, and how. Reference notes and bibliographical entries compared -- Organizing the paper -- Writing the paper -- Formatting the paper -- Biblical exegesis as research -- Descriptive research -- Program development as research -- The case study as research -- Miscellaneous Theological writing -- Statistics, tables, and graphs -- Theses and dissertations -- D. Min. projects. Conclusion. | |
| 526 | _aSEG44 | ||
| 526 | _aSEG26 | ||
| 526 | _aP151 | ||
| 526 | _aP150 | ||
| 526 | _aP149 | ||
| 526 | _aP146 | ||
| 526 | _aP145 | ||
| 526 | _aP126 | ||
| 526 | _aP125 | ||
| 526 | _aP92 | ||
| 526 | _aP75 | ||
| 526 | _aP74 | ||
| 526 | _aP27 | ||
| 526 | _aP15 | ||
| 650 | 0 | 4 |
_aInvestigación teológica _xMetodología _vManuales. |
| 942 |
_2ddc _cBOOK |
||
| 949 |
_a001.43 V99R _wDEWEY _c1 _i53452 _lCCODEBUL1 _mBUL _p15.00 _r0 _sY _tBOOK _u2015-06-24 _xTEOLOGIA _PP35 _0COMPRA _o.STAFF. Colección Teología |
||
| 596 | _a1 | ||
| 999 |
_a001.43 V99R _wDEWEY _c35425 _i53452 _d35425 _e2016-8-31 _f2021-11-4 _g5 _lCCODEBUL1 _mBUL _n1 _p15.00 _q1 _r0 _sY _tBOOK _u2015-6-24 _xBIBLIOTECA _PP35 _0COMPRA _o.STAFF. Colección Teología |
||
| 980 |
_81 _gALBERTO SANCHEZ Responsable de Automatización |
||